000 00304nam a2200121Ia 4500
008 190216s9999||||xx |||||||||||||| ||und||
100 _aWaghmare
245 0 _aRelativity Under Standing Special Theory Of Relativity
260 _bHar-Anand Pub
_c1980
300 _a154p
650 _aPhysics
942 _cBK
999 _c33232
_d33232